| 000 | 00951nas a2200301 4500 | ||
|---|---|---|---|
| 001 | BR2012002697 | ||
| 003 | BR-BrBNA | ||
| 005 | 20231205120446.0 | ||
| 007 | ta | ||
| 008 | 230509b bl.|||p| |||| 00| 00por d | ||
| 040 |
_aBR-BrBNA _bpor _cBiblioteca Nacional de Agricultura |
||
| 041 | _a(Pt) | ||
| 072 | _aL53; L40 | ||
| 100 | 1 | _aCosta, L.A.O.P. | |
| 100 | 1 | _aAbidu-Figueiredo, M. | |
| 100 | 1 | _aMachado-Santos, C. | |
| 100 | 1 | _aBorelli, V. | |
| 100 | 1 | _aPereira, J.G.L. | |
| 245 | 1 | _aMorfologia do funículo espermático em caprinos da raça Bhuj Brasileira | |
| 246 | 1 | _aMorphology of the spermatic cord in brazilian bhuj goats | |
| 650 | _aCAPRINO | ||
| 650 | _aAPARELHO REPRODUTOR | ||
| 650 | _aESPERMA | ||
| 650 | _aMORFOLOGIA ANIMAL | ||
| 773 | 0 |
_tPesquisa Veterinária Brasileira (Brazil) _xISSN 0100-736X _g(Sep 2011), v. 31(9) p. 711-717 _wBR2012002697 |
|
| 909 |
_a202311 _bLúcia _c55 _dLúcia Elande |
||
| 942 |
_2AGRIS _n0 _cANA |
||
| 999 |
_c218609 _d218609 |
||